00458 2200157 4500001002100000005001500021035002000036245010300056100002700159300002800186260003100214082000800245084001400253020002100267990001200288INLIS00000000000264620250805085116 a0010-08250000071 aSukses Berbisnis Sebelum Menikah :bPendidikan Kewirausahaan Untuk Siswa /cKristya Mintarja, M.Ed0 aKristya Mintarja, M.Ed a131 hlm ;c14,5 x 21 cm aJakarta :bErlangga,c2013 a300 a300 KRI s a978-602-241-6364 a0754891